| 000 | 02118cam a2200301 4500 | ||
|---|---|---|---|
| 001 | 6075 | ||
| 005 | 20181127180828.0 | ||
| 010 | _a 2014006734 | ||
| 020 | _a9780345805102 | ||
| 100 | 1 |
_aKristof, Nicholas D, _d1959- |
|
| 245 | 1 | 2 |
_aA path appears : _btransforming lives, creating opportunity / _cNicholas D. Kristof and Sheryl WuDunn. |
| 250 | _aFirst edition. | ||
| 264 | 1 |
_aNew York : _bVintage, _c2014. |
|
| 300 |
_ax, 382 pages : _billustrations ; _c25 cm |
||
| 336 |
_atext _2rdacontent |
||
| 337 |
_aunmediated _2rdamedia |
||
| 338 |
_avolume _2rdacarrier |
||
| 504 | _aIncludes bibliographical references and index. | ||
| 520 |
_a""From the authors of the #1 New York Times best-selling Half the Sky, a unique and essential narrative about making a difference in the world--a roadmap to becoming a conscientious global citizen. Equal in urgency and compassion to Half the Sky, this galvanizing new book from the acclaimed husband and wife team is even more ambitious in scale: nothing less than a deep examination of people who are making the world a better place, and the myriad ways we can support them, whether with a donation of five dollars or five million, an inkling to help or a useful skill to deploy. With scrupulous research and on-the-ground reporting, the authors assay the art and science of giving--determining the current most successful local and global aid initiatives (on issues from education to inner-city violence to disease prevention), evaluating the efficiency and impact of specific approaches and charities, as well as fundraising. Most compellingly, perhaps, they show us how particular people have made a difference, and offer practical advice on how best each of us can give and what we can personally derive from doing so""-- _cProvided by publisher. |
||
| 650 | 0 | _aCharities. | |
| 650 | 0 | _aFund raising. | |
| 650 | 0 | _aHumanitarianism. | |
| 650 | 0 | _aSocial action. | |
| 650 | 0 | _aSocial service. | |
| 650 | 7 |
_aPOLITICAL SCIENCE / Political Freedom & Security / Human Rights. _2 |
|
| 650 | 7 |
_aSOCIAL SCIENCE / Philanthropy & Charity. _2 |
|
| 700 | 1 |
_aWuDunn, Sheryl, _d1959- |
|
| 999 |
_c5128 _d5128 |
||